| 000 | 00418cam a2200181ua 4500 | ||
|---|---|---|---|
| 020 | _c2.00 | ||
| 041 |
_ahin _h |
||
| 082 |
_a891.54 _bUGR/CH |
||
| 100 | _aUgra, . | ||
| 245 |
_aChand hasinon ke khutoot / _cUgra. _hTextual Documents |
||
| 250 |
_a1 / _b. |
||
| 260 |
_a : _bHind Pocket Books Pvt Ltd , _c1961. |
||
| 300 | _a119 ; . | ||
| 365 | _a2.00 | ||
| 504 | _a | ||
| 942 | _cBK | ||
| 999 |
_c8015 _d8015 |
||